House of bondage /

Saved in:
Bibliographic Details
Main Author: Stewart, Gordon Neil, 1912-
Format: Book
Language:English
Published: Sydney : Australasian Book Society, 1975.
LEADER 00911nam a2200229 i 4500
001 c000064447
003 CARM
005 00000000000000.0
008 750626s1975 at 00011 eng d
019 1 |a 23850357  |z 1637803  |z 27533655  |5 LACONCORD2021 
020 |a 0909916675 (corrected) :  |c $5.25 Aust.  |z 0969916675 
035 |a (OCoLC)1616724  |5 LACONCORD2021 
042 |a anuc 
100 1 |a Stewart, Gordon Neil,  |d 1912- 
245 0 0 |a House of bondage /  |c [by] Gordon Neil Stewart. 
260 |a Sydney :  |b Australasian Book Society,  |c 1975. 
300 |a 204p. ;  |c 19cm. 
500 |a Novels in English. Australian writers, 1945-. Texts (ANB/PRECIS SIN 0000116) 
852 8 |b CARM  |h A2:AG31G0  |i A01396  |p 0121674  |f BK 
082 0 4 |a 823/.3 
999 f f |i 1ac8d72c-ea0a-5be2-b4a4-4a87be67bbfb  |s 672c5d7c-fc20-5b2b-bdf6-063720ea8cfa 
952 f f |p Can circulate  |a CAVAL  |b CAVAL  |c CAVAL  |d CARM 1 Store  |e A01396  |f A2:AG31G0  |h Other scheme  |i book  |m 0121674